[Event "4NCL Division 1b"]
[Site "Telford, ENG"]
[Date "2017.11.12"]
[Round "2.51"]
[White "Greet, Andrew N"]
[Black "Howell, David W L"]
[Result "0-1"]
[WhiteElo "2460"]
[BlackElo "2685"]
[PlyCount "82"]
[EventDate "2017.11.12"]
[WhiteTeam "Alba"]
[BlackTeam "Cheddleton 1"]

1. d4 Nf6 2. c4 g6 3. g3 c5 4. dxc5 Qa5+ 5. Nc3 Bg7 6. Bg2 O-O 7. Bd2 Qxc5 8.
Rc1 d6 9. b3 Nc6 10. Nh3 Bxh3 11. Bxh3 d5 12. cxd5 Nxd5 13. Ne4 Qa3 14. Nc5
Rfd8 15. Nxb7 Nc3 16. Nxd8 Rxd8 17. Bxc3 Rxd1+ 18. Kxd1 Bxc3 19. Rxc3 Nd4 20.
e3 Qb2 21. Rc8+ Kg7 22. exd4 Qxd4+ 23. Kc2 Qe4+ 24. Kb2 Qxh1 25. Rc2 Qxh2 26.
Bd7 h5 27. b4 h4 28. gxh4 Qd6 29. Ba4 Qxb4+ 30. Bb3 Qxh4 31. Bc4 Qd4+ 32. Kb3
g5 33. Kb4 g4 34. a4 Qb6+ 35. Kc3 a5 36. Bb3 Qb4+ 37. Kb2 Qd4+ 38. Ka3 f5 39.
Ka2 Kf6 40. Bc4 Kg5 41. Bb5 e5 0-1

[Event "4NCL Division 1b"]
[Site "Telford, ENG"]
[Date "2017.11.12"]
[Round "2.52"]
[White "Hawkins, Jonathan"]
[Black "Sreeves, Clement"]
[Result "1-0"]
[WhiteElo "2573"]
[BlackElo "2405"]
[PlyCount "47"]
[EventDate "2017.11.12"]
[WhiteTeam "Cheddleton 1"]
[BlackTeam "Alba"]

1. d4 f5 2. Bg5 g6 3. Nd2 Bg7 4. e3 d6 5. Nh3 h6 6. Bh4 g5 7. Bg3 e5 8. Qh5+
Kf8 9. dxe5 dxe5 10. Bc4 Qe7 11. O-O-O Nf6 12. Qg6 Nc6 13. f4 gxf4 14. exf4 e4
15. Bf2 b6 16. Nf3 Be6 17. Bb5 Nb4 18. Nd4 Rg8 19. a3 Bf7 20. Qxf5 Na2+ 21. Kb1
Nd5 22. Ne2 Rd8 23. Bc4 Qxa3 24. bxa3 1-0

[Event "4NCL Division 1b"]
[Site "Telford, ENG"]
[Date "2017.11.12"]
[Round "2.53"]
[White "McKay, Roderick M"]
[Black "Fodor, Tamas Jr"]
[Result "0-1"]
[WhiteElo "2312"]
[BlackElo "2490"]
[PlyCount "79"]
[EventDate "2017.11.12"]
[WhiteTeam "Alba"]
[BlackTeam "Cheddleton 1"]

1. e4 e5 2. Bc4 Nf6 3. d3 c6 4. Bb3 a5 5. c3 d5 6. Nf3 Bd6 7. O-O O-O 8. Re1
dxe4 9. dxe4 Na6 10. Nbd2 b5 11. Nf1 Nc5 12. Bc2 Qc7 13. h3 Rd8 14. N3h2 b4 15.
Qf3 Ba6 16. Ng3 Ne8 17. Nf5 Bf8 18. Be3 Nd3 19. Bxd3 Rxd3 20. cxb4 axb4 21.
Red1 Rxd1+ 22. Rxd1 Bc8 23. Qg3 Be6 24. Nf3 f6 25. h4 Rxa2 26. h5 Rxb2 27. N3h4
Bb3 28. Rd3 Rb1+ 29. Kh2 Bc4 30. Rd2 b3 31. Ng6 b2 32. Nxf8 Rh1+ 33. Kxh1 b1=Q+
34. Kh2 Kxf8 35. Bc5+ Kg8 36. Qg4 Kh8 37. Ne7 Qb3 38. Ng6+ Kg8 39. Ne7+ Kf7 40.
Rd7 0-1

[Event "4NCL Division 1b"]
[Site "Telford, ENG"]
[Date "2017.11.12"]
[Round "2.54"]
[White "Eggleston, David J"]
[Black "Berry, Neil"]
[Result "1/2-1/2"]
[WhiteElo "2397"]
[BlackElo "2283"]
[PlyCount "103"]
[EventDate "2017.11.12"]
[WhiteTeam "Cheddleton 1"]
[BlackTeam "Alba"]

1. c4 e6 2. Nc3 d5 3. d4 Bb4 4. Nf3 Nf6 5. Bg5 h6 6. Bxf6 Qxf6 7. e3 O-O 8. Rc1
dxc4 9. Bxc4 c5 10. O-O cxd4 11. Nxd4 Rd8 12. Ne4 Qe7 13. Qh5 Nd7 14. a3 Bd6
15. Nxd6 Qxd6 16. Rfd1 Nf6 17. Nb5 Qb6 18. Qe5 Rxd1+ 19. Rxd1 Bd7 20. Rd6 Bc6
21. b4 Ne4 22. Rd4 Bxb5 23. Bxb5 Nf6 24. Bf1 Rc8 25. Rc4 Rxc4 26. Bxc4 Qd8 27.
h3 b6 28. b5 Ne8 29. Bf1 Qd6 30. Qc3 Kf8 31. a4 Qc7 32. Qa3+ Nd6 33. Qa1 Ne4
34. Qd4 Nc5 35. g3 Kg8 36. Kh2 g6 37. Qc3 Qd6 38. a5 h5 39. Kg1 bxa5 40. Qxa5
Qb6 41. Qa1 Ne4 42. Qe5 Nc5 43. Qd4 Qc7 44. Bg2 Nb3 45. Qb4 Qc1+ 46. Kh2 Nd2
47. h4 Qe1 48. Qf4 e5 49. Qf6 e4 50. Qd8+ Kh7 51. Qf6 Kg8 52. Qd8+ 1/2-1/2

[Event "4NCL Division 1b"]
[Site "Telford, ENG"]
[Date "2017.11.12"]
[Round "2.55"]
[White "Burnett, Andrew"]
[Black "Kirk, Ezra"]
[Result "0-1"]
[WhiteElo "2208"]
[BlackElo "2408"]
[PlyCount "74"]
[EventDate "2017.11.12"]
[WhiteTeam "Alba"]
[BlackTeam "Cheddleton 1"]

1. Nf3 Nf6 2. d4 g6 3. Bg5 Bg7 4. Nbd2 d5 5. e3 O-O 6. c3 Nbd7 7. Be2 Re8 8.
O-O e5 9. h3 c6 10. a4 Qe7 11. a5 Qf8 12. a6 b6 13. Qa4 b5 14. Qa5 e4 15. Nh2
Nb8 16. b3 Bxa6 17. Bf4 Nfd7 18. Rfb1 Bf6 19. Qa2 Bb7 20. Qa5 Rc8 21. b4 Bd8
22. Qa2 f5 23. Nb3 g5 24. Bxb8 Rcxb8 25. Na5 Qd6 26. f4 gxf4 27. Rf1 fxe3 28.
Rxf5 Bc8 29. Raf1 Nf6 30. Re5 Be6 31. Bg4 Nxg4 32. Nxg4 Bh4 33. Rf4 Bf2+ 34.
Kh1 Bg3 35. Rfxe4 Bxe5 36. dxe5 dxe4 37. c4 Qd2 0-1

[Event "4NCL Division 1b"]
[Site "Telford, ENG"]
[Date "2017.11.12"]
[Round "2.56"]
[White "Arkell, Keith C"]
[Black "Findlay, David John"]
[Result "1-0"]
[WhiteElo "2416"]
[BlackElo "2167"]
[PlyCount "77"]
[EventDate "2017.11.12"]
[WhiteTeam "Cheddleton 1"]
[BlackTeam "Alba"]

1. d4 d6 2. Nf3 Nf6 3. c4 g6 4. Nc3 Bg7 5. g3 O-O 6. Bg2 Nc6 7. O-O Bg4 8. Be3
Qd7 9. Qd2 Bh3 10. Bh6 Bxg2 11. Kxg2 Qf5 12. Bxg7 Kxg7 13. d5 Ne5 14. Nd4 Qh5
15. b3 a6 16. h3 c5 17. Nc2 b5 18. cxb5 axb5 19. Nxb5 Ne4 20. Qe3 Qf5 21. Nbd4
cxd4 22. Nxd4 Qh5 23. Qxe4 Nd7 24. Qf3 Qe5 25. Nc6 Qb2 26. Rfb1 Qd2 27. Rd1 Qb2
28. Rab1 Qxa2 29. Qc3+ Nf6 30. Rb2 Qa6 31. Nxe7 Rfe8 32. Nc6 Rxe2 33. Nb4 Qb5
34. Rxe2 Qxe2 35. Re1 Qb5 36. Re4 Re8 37. Rf4 Re5 38. Qf3 Re1 39. Nd3 1-0

[Event "4NCL Division 1b"]
[Site "Telford, ENG"]
[Date "2017.11.12"]
[Round "2.57"]
[White "White, Stuart A"]
[Black "Connell, Blair N"]
[Result "1-0"]
[WhiteElo "2098"]
[BlackElo "2255"]
[PlyCount "83"]
[EventDate "2017.11.12"]
[WhiteTeam "Alba"]
[BlackTeam "Cheddleton 1"]

1. c4 c6 2. d4 d5 3. cxd5 cxd5 4. Bf4 Nf6 5. Nc3 a6 6. e3 b5 7. Bd3 e6 8. Rc1
Bd6 9. Bxd6 Qxd6 10. f4 Nbd7 11. Nf3 Nb6 12. Ne5 O-O 13. O-O Bd7 14. a3 Nc4 15.
Nxc4 bxc4 16. Bb1 Rab8 17. Rf2 Rb3 18. g4 Rfb8 19. g5 Ne8 20. Rcc2 R8b7 21. Qf1
Qb8 22. Qg2 Nd6 23. Ba2 R3b6 24. h4 Nf5 25. Rce2 Nxh4 26. Qh3 Ng6 27. Qg2 Be8
28. Bb1 Rb3 29. Ba2 R3b6 30. Bb1 Rb3 31. Ba2 Rxc3 32. bxc3 Qd6 33. Rb2 Re7 34.
Bb1 Qxa3 35. Rb8 Qxc3 36. Qg3 a5 37. Bc2 a4 38. Kg2 a3 39. Ba4 Kf8 40. f5 exf5
41. Qd6 Qxe3 42. Rxe8# 1-0

[Event "4NCL Division 1b"]
[Site "Telford, ENG"]
[Date "2017.11.12"]
[Round "2.58"]
[White "Steil-Antoni, Fiona"]
[Black "Roy, Ali"]
[Result "1-0"]
[WhiteElo "2183"]
[BlackElo "1914"]
[PlyCount "71"]
[EventDate "2017.11.12"]
[WhiteTeam "Cheddleton 1"]
[BlackTeam "Alba"]

1. e4 e6 2. Nf3 d5 3. e5 c5 4. b4 cxb4 5. a3 bxa3 6. d4 Nc6 7. Bd3 Bd7 8. c3
Nge7 9. h4 h6 10. Nxa3 a6 11. h5 Na5 12. Nh4 Qc7 13. Bd2 b5 14. O-O Nc4 15.
Nxc4 dxc4 16. Bc2 Nd5 17. f4 b4 18. f5 Qb6 19. fxe6 Bxe6 20. Bf5 b3 21. Bxe6
Qxe6 22. Nf5 g6 23. hxg6 fxg6 24. Ng3 Be7 25. Ne4 Kd7 26. Qe2 Qc6 27. Ra5 Rhc8
28. Nc5+ Bxc5 29. Rxc5 Qe6 30. Qxc4 Rxc5 31. dxc5 Rc8 32. Bxh6 Qxe5 33. Rd1 Ke6
34. Qxa6+ Kd7 35. Qb7+ Rc7 36. Rxd5+ 1-0

[Event "4NCL Division 1b"]
[Site "Telford, ENG"]
[Date "2017.11.12"]
[Round "2.61"]
[White "Speelman, Jon S"]
[Black "Rudd, Jack"]
[Result "1/2-1/2"]
[WhiteElo "2510"]
[BlackElo "2270"]
[PlyCount "105"]
[EventDate "2017.11.12"]
[WhiteTeam "Wood Green HK"]
[BlackTeam "West is Best 1"]

1. Nf3 Nf6 2. d4 e6 3. g3 b5 4. Bg2 Bb7 5. Bg5 Be7 6. Nbd2 O-O 7. O-O d6 8. c3
Nbd7 9. a4 a6 10. Qb1 h6 11. Bxf6 Nxf6 12. Qd3 Qe8 13. Nh4 Bxg2 14. Nxg2 bxa4
15. Qc2 Rb8 16. Rfb1 Qb5 17. e3 d5 18. Nf4 c5 19. Qxa4 cxd4 20. Qxb5 axb5 21.
cxd4 Rfc8 22. Rc1 Bb4 23. Nf3 Ne4 24. Nd3 Bd6 25. Kf1 f6 26. Ke2 Rc4 27. Nd2
Nxd2 28. Kxd2 Rbc8 29. Ra6 Rd8 30. Rb6 e5 31. b3 Rxc1 32. Kxc1 exd4 33. exd4
Kf7 34. Rxb5 Ke6 35. Kd2 Ra8 36. Rb6 Kd7 37. Rb7+ Bc7 38. Nc5+ Kc6 39. b4 Ra2+
40. Ke3 Ra3+ 41. Ke2 Ra2+ 42. Kf3 Rb2 43. Ra7 Bb6 44. Rxg7 Rxb4 45. Rf7 Rxd4
46. Nd7 Bd8 47. Nxf6 Rd2 48. Ng4 h5 49. Ne5+ Kb5 50. Ke3 Ra2 51. Kd4 Rd2+ 52.
Ke3 Ra2 53. Kd4 1/2-1/2

[Event "4NCL Division 1b"]
[Site "Telford, ENG"]
[Date "2017.11.12"]
[Round "2.62"]
[White "Cooper, John G"]
[Black "McDonald, Neil"]
[Result "1-0"]
[WhiteElo "2266"]
[BlackElo "2407"]
[PlyCount "175"]
[EventDate "2017.11.12"]
[WhiteTeam "West is Best 1"]
[BlackTeam "Wood Green HK"]

1. d4 g6 2. c4 f5 3. g3 Nf6 4. Bg2 Bg7 5. Nf3 O-O 6. O-O d6 7. Nc3 c6 8. Rb1 a5
9. d5 Bd7 10. Nd4 cxd5 11. Nxd5 Ne4 12. Be3 Na6 13. Nb3 a4 14. Nd2 Nec5 15. b4
axb3 16. Nxb3 Bc6 17. Qd2 Rf7 18. Rfd1 Ne4 19. Bxe4 fxe4 20. Nb6 Rb8 21. c5 d5
22. Nxd5 Bxd5 23. Qxd5 Qxd5 24. Rxd5 Nb4 25. Rd7 Nxa2 26. Na5 Nc3 27. Rbxb7 Ra8
28. Nc6 Bf8 29. Kg2 Ra2 30. Nd4 Ra8 31. c6 Rc8 32. Ne6 Rxc6 33. Nd8 Rc8 34.
Nxf7 Kxf7 35. Rd2 Ra8 36. Bc5 Ke6 37. e3 Nd5 38. Bd4 Rc8 39. Ra2 h5 40. Ra6+
Kf5 41. Rd7 Nb4 42. Ra5+ Ke6 43. Rda7 Kf7 44. Rc5 Rd8 45. Rcc7 Nd3 46. Bc3 Rd5
47. Ra5 Rf5 48. Rxf5+ gxf5 49. f3 Bh6 50. fxe4 fxe4 51. Bd2 Ne5 52. Rc5 Ke6 53.
h3 Bg7 54. Bc3 Nd3 55. Rc8 Bxc3 56. Rxc3 Kf5 57. Rc8 Nb2 58. Kf2 Nd3+ 59. Ke2
Ne5 60. Rc5 Kf6 61. Rb5 Ke6 62. Ra5 Kf6 63. Rb5 Kf5 64. Kd2 Kf6 65. Kc3 h4 66.
g4 Nf3 67. Rh5 Ke6 68. Kc4 Kd6 69. Rh6+ e6 70. Rh5 Nd2+ 71. Kd4 e5+ 72. Kc3 Nf1
73. Rxh4 Nxe3 74. g5 Nd5+ 75. Kd2 e3+ 76. Kd3 Nf4+ 77. Kc2 Kd5 78. Rg4 Nh5 79.
Kd3 Ke6 80. Kxe3 Kf5 81. Rg1 Nf4 82. h4 Nd5+ 83. Kd2 e4 84. g6 Ne7 85. h5 Kf6
86. g7 Kf7 87. h6 Kg8 88. Ra1 1-0

[Event "4NCL Division 1b"]
[Site "Telford, ENG"]
[Date "2017.11.12"]
[Round "2.63"]
[White "Fitzsimons, David"]
[Black "Toma, Katarzyna"]
[Result "1-0"]
[WhiteElo "2337"]
[BlackElo "2258"]
[PlyCount "73"]
[EventDate "2017.11.12"]
[WhiteTeam "Wood Green HK"]
[BlackTeam "West is Best 1"]

1. e4 d6 2. d4 Nf6 3. Nc3 e5 4. Nf3 Nbd7 5. Bc4 Be7 6. a4 a5 7. O-O O-O 8. Re1
exd4 9. Qxd4 c6 10. Bf4 Qb6 11. Rad1 d5 12. exd5 Bc5 13. Qd2 cxd5 14. Bxd5 Nxd5
15. Nxd5 Qxb2 16. Qd3 Ra6 17. Rb1 Qa3 18. Qb5 Qa2 19. Rbd1 Re6 20. Be3 Bxe3 21.
fxe3 Nf6 22. c4 Ne4 23. Rf1 Nd6 24. Qxa5 Nxc4 25. Qc5 Rfe8 26. Ra1 Qb3 27. Nd4
Qd3 28. Rfd1 Nd2 29. Nxe6 Bxe6 30. Nf4 Qd7 31. Nxe6 fxe6 32. Qb4 Rd8 33. Kh1
Qd3 34. h3 Qe2 35. Qe7 Rf8 36. Qxe6+ Kh8 37. Qd6 1-0

[Event "4NCL Division 1b"]
[Site "Telford, ENG"]
[Date "2017.11.12"]
[Round "2.64"]
[White "Redmond, John P"]
[Black "Valdes Escobar, Alvaro"]
[Result "0-1"]
[WhiteElo "2182"]
[BlackElo "2366"]
[PlyCount "148"]
[EventDate "2017.11.12"]
[WhiteTeam "West is Best 1"]
[BlackTeam "Wood Green HK"]

1. Nf3 Nf6 2. c4 b6 3. Nc3 Bb7 4. d4 e6 5. Bg5 Bb4 6. Nd2 h6 7. Bh4 c5 8. a3
Bxc3 9. bxc3 d6 10. f3 Nc6 11. e3 Qe7 12. Bd3 g5 13. Bf2 Nd7 14. O-O O-O-O 15.
Qa4 f5 16. Be2 h5 17. d5 Na5 18. Nb3 Nxb3 19. Qxb3 g4 20. a4 a5 21. Rab1 Rdg8
22. Qd1 e5 23. Re1 Qg7 24. Bf1 Qf6 25. f4 h4 26. Kh1 Ba6 27. Bg1 Kc7 28. Qc2
Re8 29. Bd3 Rhf8 30. Rf1 Bc8 31. Qb2 Re7 32. Qb5 Bb7 33. Qb2 e4 34. Be2 g3 35.
h3 Rb8 36. Qc2 Qf8 37. Rb2 Ba6 38. Rfb1 Kb7 39. Qd2 Ka7 40. Qc2 Nf6 41. Qd1 Bc8
42. Qe1 Bd7 43. Bd1 Qe8 44. Ra1 Rg7 45. Qf1 Qd8 46. Qe1 Be8 47. Rab1 Bh5 48.
Bxh5 Nxh5 49. Qd1 Nf6 50. Qe2 Qe8 51. Rb5 Rgb7 52. Qd1 Qh5 53. Qxh5 Nxh5 54.
Rd1 Nf6 55. Rb2 b5 56. cxb5 c4 57. Rd4 Rc7 58. Ra2 Rc5 59. Ra1 Nd7 60. Rd2 Nb6
61. Rd4 Kb7 62. Rd2 Kc7 63. Rd4 Nxd5 64. Rc1 Nb6 65. Ra1 Rd8 66. Rd2 Rd5 67.
Rd4 Kd7 68. Ra2 Rxd4 69. exd4 Nd5 70. Rb2 Rb8 71. Rc2 e3 72. Rb2 Re8 73. Re2
Kc7 74. Re1 e2 0-1

[Event "4NCL Division 1b"]
[Site "Telford, ENG"]
[Date "2017.11.12"]
[Round "2.65"]
[White "Harvey, Marcus R"]
[Black "Blackburn, Jonathan L B"]
[Result "1/2-1/2"]
[WhiteElo "2341"]
[BlackElo "2189"]
[PlyCount "140"]
[EventDate "2017.11.12"]
[WhiteTeam "Wood Green HK"]
[BlackTeam "West is Best 1"]

1. Nf3 Nf6 2. b3 g6 3. Bb2 Bg7 4. e3 O-O 5. Be2 c5 6. O-O Nc6 7. c4 d6 8. d4
Bf5 9. d5 Nb4 10. Ne1 Bxb1 11. Qxb1 e5 12. dxe6 fxe6 13. Nd3 Nxd3 14. Qxd3 Qe7
15. Rad1 Rad8 16. f4 Ne8 17. Bxg7 Nxg7 18. Bf3 b6 19. Rd2 e5 20. Bd5+ Kh8 21.
Qe4 Nh5 22. Rfd1 Rde8 23. fxe5 Qxe5 24. Qxe5+ Rxe5 25. Bf3 Nf6 26. Rxd6 Rxe3
27. Bc6 Kg7 28. Rf1 Re2 29. a4 Re3 30. Rf3 Rxf3 31. Bxf3 Ne8 32. Rc6 Rf6 33.
Rc8 Nd6 34. Rd8 a5 35. Bd5 h5 36. Rd7+ Kh6 37. g3 Nf5 38. Kf2 Kg5 39. Kf3 h4
40. gxh4+ Nxh4+ 41. Ke4 Nf3 42. Rh7 Rf4+ 43. Ke3 Nd4 44. Rb7 Rf6 45. Ke4 Nf3
46. h3 Kh4 47. Rh7+ Kg3 48. Rh6 Rf4+ 49. Ke3 Rf6 50. Ke4 Rf4+ 51. Ke3 Rf6 52.
Rh8 Nh4 53. Ke4 Nf3 54. Bb7 Ng5+ 55. Kd5 Nf7 56. Re8 Rd6+ 57. Ke4 Rd1 58. Rg8
Nd6+ 59. Ke5 Nxb7 60. Rxg6+ Kxh3 61. Rxb6 Rd7 62. Ke6 Rc7 63. Kd5 Kg4 64. Rf6
Kg5 65. Rf8 Kg6 66. Ke6 Kg5 67. Kd5 Kg4 68. Rf6 Nd8 69. Ra6 Nb7 70. Rf6 Nd8
1/2-1/2

[Event "4NCL Division 1b"]
[Site "Telford, ENG"]
[Date "2017.11.12"]
[Round "2.66"]
[White "Kett, Tim"]
[Black "Weaving, Richard"]
[Result "0-1"]
[WhiteElo "2215"]
[BlackElo "2314"]
[PlyCount "98"]
[EventDate "2017.11.12"]
[WhiteTeam "West is Best 1"]
[BlackTeam "Wood Green HK"]

1. e4 c5 2. Nf3 e6 3. d4 cxd4 4. Nxd4 Nc6 5. Nc3 Qc7 6. Be3 a6 7. Qd2 Nf6 8.
O-O-O Be7 9. f3 b5 10. Nxc6 dxc6 11. g4 e5 12. Qf2 Be6 13. Bb6 Qb7 14. Bc5 Bxc5
15. Qxc5 Nd7 16. Qd6 Rc8 17. Nd5 cxd5 18. exd5 Bxd5 19. Qxd5 Qxd5 20. Rxd5 Ke7
21. g5 Rc5 22. Rd2 Rd8 23. Bd3 Nf8 24. Re1 Ne6 25. h4 Nf4 26. Be4 Rxd2 27. Kxd2
b4 28. Re3 g6 29. a3 a5 30. Rb3 bxa3 31. bxa3 Ng2 32. Rb8 Nxh4 33. Rh8 Ng2 34.
Rxh7 Nf4 35. c3 Ne6 36. Rh8 Nxg5 37. Rb8 Ne6 38. Rb7+ Kf8 39. a4 f5 40. Bc2 Ng5
41. Bd1 e4 42. Rb5 exf3 43. Rxc5 Ne4+ 44. Ke3 Nxc5 45. Kxf3 Ne4 46. c4 Ke7 47.
Ke3 Kd6 48. Kd4 Nc5 49. Bc2 Ne6+ 0-1

[Event "4NCL Division 1b"]
[Site "Telford, ENG"]
[Date "2017.11.12"]
[Round "2.67"]
[White "Littlewood, Paul E"]
[Black "Phillips, Roy"]
[Result "1/2-1/2"]
[WhiteElo "2354"]
[BlackElo "2193"]
[PlyCount "104"]
[EventDate "2017.11.12"]
[WhiteTeam "Wood Green HK"]
[BlackTeam "West is Best 1"]

1. d4 d6 2. Nf3 g6 3. g3 Bg7 4. Bg2 Nf6 5. O-O O-O 6. c4 Nbd7 7. Nc3 e5 8. e4
exd4 9. Nxd4 Re8 10. h3 a6 11. Be3 Rb8 12. a4 Ne5 13. b3 Bd7 14. Kh2 Nc6 15.
Qd2 Na5 16. Rab1 c5 17. Nde2 Bc6 18. Bg5 Qc7 19. Nf4 b6 20. Rfd1 Nxe4 21. Nxe4
Bxe4 22. Bxe4 Rxe4 23. Qxd6 Qxd6 24. Rxd6 Be5 25. Rd7 Rb7 26. Rxb7 Nxb7 27. Nd5
Re2 28. Kg2 Bd4 29. Be3 Bxe3 30. Nxe3 Rd2 31. Nd5 b5 32. Nc7 bxc4 33. bxc4 Na5
34. Nxa6 Nxc4 35. Nxc5 Ra2 36. g4 Nb2 37. g5 Nxa4 38. Rb8+ Kg7 39. Ne4 h6 40.
h4 hxg5 41. hxg5 Rb2 42. Rd8 Rb5 43. f4 Rf5 44. Nf6 Rxf6 45. gxf6+ Kxf6 46. Rc8
Ke7 47. Rc7+ Ke8 48. Kf3 Nb6 49. Ke4 Nd7 50. Kd5 Nf6+ 51. Ke5 Ng4+ 52. Kd6 Kf8
1/2-1/2

[Event "4NCL Division 1b"]
[Site "Telford, ENG"]
[Date "2017.11.12"]
[Round "2.68"]
[White "Edgell, Ben P"]
[Black "Srebrnic, Ana"]
[Result "1-0"]
[WhiteElo "2144"]
[BlackElo "2196"]
[PlyCount "65"]
[EventDate "2017.11.12"]
[WhiteTeam "West is Best 1"]
[BlackTeam "Wood Green HK"]

1. Nf3 Nf6 2. d4 g6 3. Nc3 d5 4. Bf4 Bg7 5. e3 c6 6. Be2 Nh5 7. Be5 Nf6 8. h3
O-O 9. O-O Nbd7 10. Bh2 b6 11. a4 a5 12. Qb1 Ba6 13. Rc1 Qc8 14. Bd3 c5 15.
Bxa6 Rxa6 16. Nb5 c4 17. Nd2 Qc6 18. c3 Ne8 19. b3 cxb3 20. Qxb3 e5 21. c4 dxc4
22. Nxc4 Qe6 23. Rab1 exd4 24. exd4 Ndf6 25. Ne5 Nd5 26. Rc6 Qf5 27. g4 Qe4 28.
f3 Qe3+ 29. Qxe3 Nxe3 30. Nd7 Nd5 31. Nxf8 Kxf8 32. Rc8 Ke7 33. Re1+ 1-0

[Event "4NCL Division 1b"]
[Site "Telford, ENG"]
[Date "2017.11.12"]
[Round "2.72"]
[White "Collins, Sam E"]
[Black "Bates, Richard A"]
[Result "1-0"]
[WhiteElo "2441"]
[BlackElo "2397"]
[PlyCount "71"]
[EventDate "2017.11.12"]
[WhiteTeam "Barbican 4NCL 1"]
[BlackTeam "Blackthorne Russia"]

1. e4 c5 2. Nf3 d6 3. Bb5+ Nd7 4. O-O a6 5. Bd3 Ngf6 6. Re1 e5 7. c3 Nh5 8. Bc4
Nb6 9. Bf1 Nf4 10. d4 Qf6 11. dxe5 dxe5 12. Bxf4 exf4 13. e5 Qh6 14. e6 Bxe6
15. Qb3 Nd7 16. Qxb7 Rb8 17. Qxa6 Be7 18. Bb5 Rxb5 19. Qxb5 O-O 20. Nbd2 Rb8
21. Qa4 Bf8 22. b3 Nf6 23. Qc6 Rc8 24. Qb7 Rd8 25. c4 g5 26. Ne4 Nxe4 27. Qxe4
g4 28. Ne5 Rd4 29. Qe2 Bd6 30. Nxg4 Qg5 31. f3 Bxg4 32. fxg4 f3 33. Qxf3 Rxg4
34. Rf1 Rf4 35. Qd5 Be5 36. Rae1 1-0

[Event "4NCL Division 1b"]
[Site "Telford, ENG"]
[Date "2017.11.12"]
[Round "2.73"]
[White "Ledger, Andrew J"]
[Black "D'Costa, Lorin A R"]
[Result "1/2-1/2"]
[WhiteElo "2363"]
[BlackElo "2392"]
[PlyCount "87"]
[EventDate "2017.11.12"]
[WhiteTeam "Blackthorne Russia"]
[BlackTeam "Barbican 4NCL 1"]

1. c4 e5 2. g3 Nc6 3. Nc3 g6 4. Bg2 Bg7 5. e4 d6 6. Nge2 f5 7. d3 Nf6 8. O-O
O-O 9. Nd5 f4 10. gxf4 Nh5 11. fxe5 dxe5 12. Be3 Nd4 13. f3 Nxe2+ 14. Qxe2 c6
15. Nc3 Nf4 16. Qd2 Qh4 17. Bxf4 Rxf4 18. Ne2 Rf7 19. Rad1 Be6 20. b3 Raf8 21.
Qe3 a6 22. Qf2 Qh5 23. Qc5 g5 24. d4 exd4 25. Nxd4 Bc8 26. Ne2 Re8 27. Ng3 Qh4
28. Rf2 Be5 29. Rfd2 g4 30. fxg4 Bxg4 31. Rf1 Rxf1+ 32. Nxf1 Qg5 33. Kh1 Kh8
34. Rf2 Qg7 35. Qa5 Bd4 36. Rf4 Be5 37. Rf2 Bc3 38. Qa3 Bd4 39. Rf4 Be5 40. Rf2
Bd4 41. Rf4 Bb2 42. Qa5 Bc3 43. Qa3 Bb2 44. Qa5 1/2-1/2

[Event "4NCL Division 1b"]
[Site "Telford, ENG"]
[Date "2017.11.12"]
[Round "2.74"]
[White "Merry, Alan B"]
[Black "Hunt, Harriet V"]
[Result "0-1"]
[WhiteElo "2422"]
[BlackElo "2440"]
[PlyCount "106"]
[EventDate "2017.11.12"]
[WhiteTeam "Barbican 4NCL 1"]
[BlackTeam "Blackthorne Russia"]

1. e4 c5 2. Nf3 d6 3. Bb5+ Bd7 4. Bxd7+ Qxd7 5. c4 Nc6 6. d4 cxd4 7. Nxd4 Nf6
8. Nc3 e6 9. O-O Be7 10. Be3 O-O 11. Qe2 Rac8 12. Rfd1 a6 13. Rac1 Rfd8 14. b3
Nxd4 15. Bxd4 Qc6 16. f3 Ne8 17. a4 a5 18. Nb5 Ra8 19. Qf2 Bg5 20. Rc3 Rd7 21.
Rcd3 h6 22. Bb6 Ra6 23. c5 d5 24. Na7 Rxa7 25. Bxa7 Be7 26. Kh1 Nc7 27. Bb6 Na6
28. exd5 exd5 29. Bxa5 Nxc5 30. Rc3 b6 31. Bb4 Qf6 32. Rcc1 d4 33. Bxc5 bxc5
34. Qe2 Rb7 35. Re1 g6 36. Qd3 Bd6 37. g3 Qg5 38. Kg2 h5 39. Kf2 h4 40. f4 Qg4
41. Rcd1 Qh3 42. Kg1 hxg3 43. hxg3 Rb8 44. Qf3 c4 45. Qg2 Qg4 46. Rb1 c3 47.
Rbd1 Rxb3 48. Rd3 Qf5 49. Qh2 Rb8 50. Qe2 Rb2 51. Qe8+ Kg7 52. Rxd4 Bc5 53. Qe3
Qf6 0-1

[Event "4NCL Division 1b"]
[Site "Telford, ENG"]
[Date "2017.11.12"]
[Round "2.75"]
[White "Duncan, Chris R"]
[Black "Griffiths, Ryan Rhys"]
[Result "0-1"]
[WhiteElo "2253"]
[BlackElo "2356"]
[PlyCount "94"]
[EventDate "2017.11.12"]
[WhiteTeam "Blackthorne Russia"]
[BlackTeam "Barbican 4NCL 1"]

1. Nf3 c5 2. c4 Nc6 3. Nc3 g6 4. e3 Nf6 5. d4 cxd4 6. exd4 d5 7. cxd5 Nxd5 8.
Bc4 Nxc3 9. Qb3 Nd5 10. Bxd5 e6 11. Bxc6+ bxc6 12. O-O Bg7 13. Qa3 Qe7 14.
Qxe7+ Kxe7 15. Be3 Rd8 16. Rfc1 Bb7 17. Rc5 Rd5 18. Rac1 Rad8 19. Kf1 Rxc5 20.
Rxc5 Rd5 21. Rc3 Ra5 22. a3 Rb5 23. b3 a5 24. Ke2 Kd7 25. Kd2 f6 26. Ne1 Bf8
27. Nc2 Ba6 28. h3 Rb7 29. Ke1 g5 30. f4 h6 31. Kf2 Bd6 32. Kf3 Rb8 33. Bd2 Rg8
34. fxg5 hxg5 35. Kf2 f5 36. Rf3 Bc7 37. b4 a4 38. Ne1 Bb6 39. Bc3 g4 40. Re3
Kd6 41. Re5 Bc4 42. Nc2 gxh3 43. gxh3 Bd8 44. Be1 Bd5 45. Re2 f4 46. Bd2 Bh4+
47. Kf1 f3 0-1

[Event "4NCL Division 1b"]
[Site "Telford, ENG"]
[Date "2017.11.12"]
[Round "2.76"]
[White "Jackson, James P"]
[Black "Ledger, Dave J"]
[Result "1-0"]
[WhiteElo "2304"]
[BlackElo "2219"]
[PlyCount "75"]
[EventDate "2017.11.12"]
[WhiteTeam "Barbican 4NCL 1"]
[BlackTeam "Blackthorne Russia"]

1. e4 e5 2. Nf3 Nc6 3. Bb5 a6 4. Ba4 Nf6 5. O-O b5 6. Bb3 Be7 7. Re1 d6 8. c3
O-O 9. h3 Na5 10. Bc2 c5 11. d4 Qc7 12. Nbd2 Be6 13. Nf1 cxd4 14. cxd4 Rfc8 15.
Ne3 Nc4 16. Nxc4 Bxc4 17. b3 Be6 18. Bd3 Qc3 19. Rb1 Qa5 20. Ra1 Qc3 21. Ba3
Ra7 22. Rc1 Qa5 23. Rxc8+ Bxc8 24. Bb2 Nd7 25. Qa1 Bf6 26. Rd1 exd4 27. Nxd4
Ne5 28. Bb1 Rc7 29. Ne2 h6 30. Nf4 Bb7 31. Nh5 Bh4 32. Bxe5 dxe5 33. Qxe5 Qc3
34. Qe8+ Kh7 35. e5+ g6 36. Bxg6+ Kxg6 37. Qg8+ Kxh5 38. Qg4# 1-0

[Event "4NCL Division 1b"]
[Site "Telford, ENG"]
[Date "2017.11.12"]
[Round "2.77"]
[White "Eames, Robert S"]
[Black "Taylor, Martin R"]
[Result "1/2-1/2"]
[WhiteElo "2167"]
[BlackElo "2367"]
[PlyCount "71"]
[EventDate "2017.11.12"]
[WhiteTeam "Blackthorne Russia"]
[BlackTeam "Barbican 4NCL 1"]

1. e4 Nf6 2. e5 Nd5 3. d4 d6 4. Nf3 dxe5 5. Nxe5 c6 6. Be2 Bf5 7. O-O Nd7 8.
Nf3 e6 9. c4 N5f6 10. Nh4 Bg6 11. Nc3 Bd6 12. g3 O-O 13. Nxg6 hxg6 14. Be3 e5
15. d5 Bb4 16. dxc6 bxc6 17. Qa4 Bxc3 18. bxc3 Qc7 19. Rfd1 c5 20. Rd2 Nb6 21.
Qb5 Ne4 22. Rc2 Rab8 23. Qa5 Rfc8 24. Rd1 Nd6 25. Qxc5 Qxc5 26. Bxc5 Rxc5 27.
Rxd6 Kf8 28. Rcd2 Ke7 29. a4 Rb7 30. a5 Rxa5 31. Rc6 Rd7 32. Rb2 Rd6 33. Rc7+
Rd7 34. Rc6 Rd6 35. Rc7+ Rd7 36. Rc6 1/2-1/2

[Event "4NCL Division 1b"]
[Site "Telford, ENG"]
[Date "2017.11.12"]
[Round "2.78"]
[White "Bhatia, Kanwal K"]
[Black "Ledger, Stephen C"]
[Result "0-1"]
[WhiteElo "2080"]
[BlackElo "2041"]
[PlyCount "112"]
[EventDate "2017.11.12"]
[WhiteTeam "Barbican 4NCL 1"]
[BlackTeam "Blackthorne Russia"]

1. e4 c5 2. c3 d5 3. exd5 Qxd5 4. d4 Nc6 5. Nf3 cxd4 6. cxd4 e5 7. Nc3 Bb4 8.
Bd2 Bxc3 9. Bxc3 e4 10. Ne5 Nxe5 11. dxe5 Ne7 12. Qxd5 Nxd5 13. Bb5+ Ke7 14.
Bd4 Bf5 15. Bc5+ Ke6 16. Rd1 Kxe5 17. O-O Rhd8 18. Bc4 Be6 19. f3 Nf4 20. Bxe6
Nxe6 21. Be7 Rxd1 22. Rxd1 exf3 23. gxf3 Rc8 24. Bd6+ Kf6 25. Rd2 g5 26. Bb4
Rd8 27. Bc3+ Kf5 28. Re2 f6 29. Kf2 h5 30. Re4 Rd7 31. Ra4 a6 32. Rb4 Nc5 33.
Rb6 Nd3+ 34. Kg3 Ne5 35. Kg2 Rf7 36. Rd6 g4 37. fxg4+ hxg4 38. Kg3 Rh7 39. a4
Rh3+ 40. Kg2 Rh7 41. Kg3 Rh3+ 42. Kg2 Nf3 43. Rxf6+ Kg5 44. Rf7 Rxh2+ 45. Kg3
Rh3+ 46. Kf2 Nh4 47. Rg7+ Kf5 48. Rf7+ Ke4 49. Re7+ Kd3 50. Rg7 Rf3+ 51. Kg1 g3
52. Be1 Nf5 53. Rg5 Ke2 54. Rxf5 Rxf5 55. Bxg3 Rf1+ 56. Kg2 Ra1 0-1